Normal view
MARC view
- تأليف: شيدلنجر، سول ؛ ترجمة: سامي محمود علي
Entry Personal Name
001 - CONTROL NUMBER
- control field: 10348
003 - CONTROL NUMBER IDENTIFIER
- control field: JO-AjAnu
005 - DATE AND TIME OF LATEST TRANSACTION
- control field: 20230606071949.0
008 - FIXED-LENGTH DATA ELEMENTS
- fixed length control field: 230606|| aca||aabn | a|a d
040 ## - CATALOGING SOURCE
- Original cataloging agency: JO-AjAnu
- Transcribing agency: JO-AjAnu
100 ## - HEADING--PERSONAL NAME
- Personal name: تأليف: شيدلنجر، سول ؛ ترجمة: سامي محمود علي
670 ## - SOURCE DATA FOUND
- Source citation: Work cat.: (JO-AjAnu)5329: تأليف: شيدلنجر، سول ؛ ترجمة: سامي محمود علي , author, التحليل النفسي والسلوك الجماعي: دراسة في سيكولوجية الجماعات من وجهة نظر التحليل النفسي